000 00299nam a22001337a 4500
008 170529b xxu||||| |||| 00| 0 eng d
020 _a3486346210
041 _ager
080 _a621.3
100 _a27
101 _aIM
245 _aREGELUNG ELEKTRISCHER ANTRIEBE II
_cPFAFF, G
942 _2udc
_cBK
999 _c14758
_d14758